| 000 | 00517nam a22001697a 4500 | ||
|---|---|---|---|
| 005 | 20251108164719.0 | ||
| 008 | 250721s1985 xx 000 0 ara d | ||
| 082 | 1 | 4 | _a812.9565/عبد |
| 100 | 1 | _aعقل، عبد اللطيف | |
| 245 | 1 | 0 |
_aتشريقة بني مازن : _bمسرحية في ثلاثة فصول / |
| 264 | 1 |
_aعمان : _bدار الجيل للنشر، _c1985. |
|
| 300 | _a124ص | ||
| 650 | 1 | 7 | _aالمسرحيات العربية |
| 650 | 1 | 7 | _aالأردن |
| 942 |
_2ddc _cBK |
||
| 999 |
_c12516 _d12516 |
||